| 000 | 00781nam a2200217 a 4500 | ||
|---|---|---|---|
| 999 |
_c10730 _d10730 |
||
| 001 | 107302 | ||
| 003 | BD-JhCC | ||
| 005 | 20191117134007.0 | ||
| 008 | 180815s2016 ii |||| |||| 000 0 ben d | ||
| 020 | _a9788172152529 | ||
| 035 | _a(BD-JhCC)10730 | ||
| 040 |
_aBD-JhCC _dBD-JhCC |
||
| 041 | _aben | ||
| 082 |
_a613.2 _bMOK 2016 |
||
| 100 | _aমুখোপাধ্যায়, সাধনা | ||
| 245 |
_aসুস্থ থাকতে খাওয়াদাওয়ায় শাকসবজি মশলাপাতি / _cসাধনা মুখোপাধ্যায়, |
||
| 260 |
_aকলিকাতা : _bআনন্দ, _c২০১৬. |
||
| 300 |
_a২৬২ পৃ. : _c১৮ সেমি. |
||
| 650 | _ahealth and hygiene | ||
| 942 |
_2ddc _cBK _02 |
||